=LDR 00000nam 2200000 4500 =001 INLIS000000000051436 =005 20221114074221 =035 ##$$a 0010-0917000240 =008 221114################g##########0#ind## =020 ##$$a 978-602-98172-0-1 =082 ##$$a 372.6 =084 ##$$a 372.6 EMI k =100 #$$a Emirfan T Mulyati =245 1#$$a Kecil-kecil jago inggris /$c Emirfan T Mulyati; Editor, Chrisna Farmadiani =260 ##$$a Yogyakarta :$b Javaliterasi,$c 2013 =300 ##$$a 64 hlm : $b Ilus ; $c 19 cm =650 #4$$a pendidikan-bahas inggris =504 ##$$a Bibliografi: hal 64 =990 ##$$a 21703100 =990 ##$$a 21703099 =990 ##$$a 21703098 =990 ##$$a 21703097 =990 ##$$a 21703096